Extension of Maturity Date of Indebtedness of France for War-Surplus Supplies : hearings before the United States House Committee on Ways and Means, Seventy-First Congress, first session, on May 29, 1929.

Considers (71) H.J. Res. 80.

Bibliographic Details
Corporate Authors: United States. Congress. House. Committee on Ways and Means, ProQuest (Firm)
Format: Government Document eBook
Language:English
Published: Washington : U.S. G.P.O., 1929.
Series:U.S. Congressional Hearings.
Subjects:
Online Access:Connect to the full text of this electronic book

MARC

Tag First Indicator Second Indicator Subfields
LEADER 00000cam a22000001a 4500
001 in00003164021
006 m d f
007 cr bn mmmapmmp
008 090613s1929 dcu o f000 0 eng d
005 20260511211638.2
035 |a cis2007410082 
040 |a UMI  |c UMI  |d UtOrBLW 
043 |a n-us--- 
086 0 |a Y 4.W 36:F 84 
099 |a HRG-1929-WAM-0023 
110 1 |a United States.  |b Congress.  |b House.  |b Committee on Ways and Means. 
245 1 0 |a Extension of Maturity Date of Indebtedness of France for War-Surplus Supplies :  |b hearings before the United States House Committee on Ways and Means, Seventy-First Congress, first session, on May 29, 1929. 
264 1 |a Washington :  |b U.S. G.P.O.,  |c 1929. 
300 |a 1 online resource. 
336 |a text  |b txt  |2 rdacontent 
337 |a computer  |b c  |2 rdamedia 
338 |a online resource  |b cr  |2 rdacarrier 
500 |a Record is based on bibliographic data in ProQuest Congressional Hearings Digital Collection. Reuse except for individual research requires license from ProQuest, LLC. 
520 |a Considers (71) H.J. Res. 80. 
538 |a System requirements: PDF reader software. 
500 |a Electronic resource. 
650 0 |a Surplus military property  |x Law and legislation  |z United States. 
650 0 |a Surplus military property  |z France. 
655 7 |a Electronic books.  |2 local 
710 2 |a ProQuest (Firm) 
776 0 8 |i Print version:  |a United States. Congress. House. Committee on Ways and Means.  |t Extension of Maturity Date of Indebtedness of France for War-Surplus Supplies 
776 0 8 |i Microfiche version:  |a United States. Congress. House. Committee on Ways and Means.  |t Extension of Maturity Date of Indebtedness of France for War-Surplus Supplies.  |d [Bethesda, Md.] : ProQuest,[2004]  |o CIS Hrgs MF Gp 1--H537-14  |w (ProQuest)cis10301951 
830 0 |a U.S. Congressional Hearings. 
856 4 0 |u http://proxy.library.tamu.edu/login?url=https://congressional.proquest.com/congcomp/getdoc?HEARING-ID=HRG-1929-WAM-0023  |z Connect to the full text of this electronic book  |t 0 
998 |a cis10301951 
999 |a MARS 
999 f f |s 695afa09-be65-3181-8dae-c2e2a9c2e33d  |i a44410c5-4509-3920-83bb-02ee0f5e9fdb  |t 0 
952 f f |a Texas A&M University  |b College Station  |c Electronic Resources  |s www_evans  |d Available Online  |t 0  |e HRG-1929-WAM-0023  |h Other scheme 
998 f f |a HRG-1929-WAM-0023  |t 0  |l Available Online